LIBRARY ONLINE CATALOGUE

Negotiation -Support toolkit for learning landscapes (Record no. 18128)

MARC details
000 -LEADER
fixed length control field 00325nam a22001217a 4500
008 - FIXED-LENGTH DATA ELEMENTS--GENERAL INFORMATION
fixed length control field 191209b xxu||||| |||| 00| 0 eng d
020 ## - INTERNATIONAL STANDARD BOOK NUMBER
International Standard Book Number 9793198743
050 ## - LIBRARY OF CONGRESS CALL NUMBER
Classification number SD248.5
Item number .N44 2013 c.1
245 ## - TITLE STATEMENT
Title Negotiation -Support toolkit for learning landscapes
260 ## - PUBLICATION, DISTRIBUTION, ETC. (IMPRINT)
Place of publication, distribution, etc. Indonesia
Name of publisher, distributor, etc. WAFC
300 ## - PHYSICAL DESCRIPTION
Extent vi, 285p.
942 ## - ADDED ENTRY ELEMENTS (KOHA)
Source of classification or shelving scheme Library of Congress Classification
Koha item type General Collection
Holdings
Withdrawn status Lost status Source of classification or shelving scheme Not for loan Home library Current library Date acquired Total Checkouts Full call number Barcode Date last seen Price effective from Koha item type
    Library of Congress Classification   Kabarak, Main Campus Kabarak, Main Campus 09/12/2019   SD248.5 .N44 2013 c.1 023077 09/12/2019 09/12/2019 General Collection